[Event "xxx"]
[Site ""]
[Date "1998.08.02"]
[Round "9"]
[White "KRUMPACNIK, Domen"]
[Black "ZOEBISCH, Herbert"]
[Result "1/2-1/2"]
[WhiteElo "2380"]
[BlackElo "2235"]
[PlyCount "124"]
[EventDate "1998.07.25"]

1. d4 d5 2. c4 dxc4 3. Nf3 Nf6 4. Nc3 c5 5. d5 e6 6. e4 exd5 7. e5 Nfd7 8. Qxd5
Nb6 9. Qe4 Be7 10. Bf4 Bd7 11. Rd1 Qc8 12. Bxc4 Nxc4 13. Qxc4 Be6 14. Nd5 Nc6
15. O-O O-O 16. b3 h6 17. Rd2 Bxd5 18. Rxd5 Qe6 19. Rfd1 Rad8 20. Rxd8 Rxd8 21.
Rxd8+ Nxd8 22. Nd2 Qxc4 23. Nxc4 Kf8 24. Kf1 Nc6 25. Ke2 Ke8 26. Be3 h5 27. f4
g6 28. Kf3 Kd7 29. Ke4 Ke6 30. g3 b6 31. h3 f5+ 32. exf6 Bxf6 33. g4 hxg4 34.
hxg4 Nb4 35. a4 Nc6 36. f5+ gxf5+ 37. gxf5+ Kd7 38. Bf2 Ne7 39. Ne3 Kc6 40. Ng4
Nd5 41. Bg3 a6 42. Nxf6 Nxf6+ 43. Ke5 Ng4+ 44. Ke6 b5 45. a5 b4 46. Bd6 Kb5 { }
47. Kd7 (47. f6 Nxf6 48. Kxf6 48... Kxa5 $11) 47... Nf6+ 48. Kc7 Ne8+ 49. Kd7
Nf6+ 50. Ke6 Ng4 51. Kd7 Nf6+ 52. Kc8 Kxa5 53. Bxc5 Kb5 54. Bd4 Ng4 55. Kd7 a5
56. Kd6 a4 57. Kd5 axb3 58. Ke4 Nh6 59. f6 b2 60. Bxb2 Kc4 61. Bc1 Nf7 62. Kf5
62... Kd5 { } 1/2-1/2

[Event "xxx"]
[Site ""]
[Date "1998.08.02"]
[Round "9"]
[White "AMMANN, Philipp"]
[Black "LENDWAI, Reinhard"]
[Result "0-1"]
[WhiteElo "2225"]
[BlackElo "2375"]
[PlyCount "80"]
[EventDate "1998.07.25"]

1. d4 Nf6 2. c4 e6 3. Nf3 c5 4. d5 exd5 5. cxd5 d6 6. Nc3 g6 7. e4 a6 8. a4 Bg4
9. Be2 Bxf3 10. Bxf3 Bg7 11. O-O O-O 12. Bf4 Ne8 13. Bg4 Nd7 14. Bxd7 Qxd7 15.
Re1 b6 16. Qd3 Qc7 17. Rad1 c4 18. Qg3 Rd8 19. Be3 Nf6 20. Bd4 Nd7 21. Bxg7
Kxg7 22. Ne2 Ne5 23. Qc3 Kg8 24. Nd4 Qc5 25. Re3 Rfe8 26. Rd2 Rc8 27. Rh3 Nd3
28. Re3 b5 29. axb5 axb5 30. Nc6 b4 31. Qf6 { } 31... Ne5 32. Ne7+ Rxe7 33.
Qxe7 c3 34. bxc3 bxc3 35. Rc2 Qb6 36. Re1 Nd3 37. Qd7 Rc4 38. Rf1 Qb3 39. Qd8+
Kg7 40. e5 dxe5 0-1

[Event "xxx"]
[Site ""]
[Date "1998.08.02"]
[Round "9"]
[White "KISS, Attila"]
[Black "MITTELBERGER, Peter Dr."]
[Result "0-1"]
[WhiteElo "2340"]
[BlackElo "2230"]
[PlyCount "66"]
[EventDate "1998.07.25"]

1. d4 d6 2. c4 Nf6 3. Nf3 g6 4. g3 Bg7 5. Bg2 O-O 6. O-O Nc6 7. Nc3 a6 8. Bd2
Bf5 9. d5 Na5 10. b3 c5 11. Nh4 Bd7 12. Rc1 b5 13. Qe1 bxc4 14. Nd1 { } 14...
Nxb3 15. axb3 cxb3 16. Ba5 Qb8 17. Nc3 Rc8 18. Rb1 c4 19. e4 Rc5 20. Nd1 Qb5
21. Bc3 a5 22. Ra1 a4 23. Ra3 Ng4 24. Nf3 Bxc3 25. Qxc3 Rb8 26. Qb2 c3 27. Nxc3
Qb4 28. Nb1 Bb5 29. Rc1 Rbc8 30. Rd1 Rc2 31. Qd4 R8c4 32. Qb6 Rc8 33. Rf1 33...
Re8 {Klappe   } 0-1

[Event "xxx"]
[Site ""]
[Date "1998.08.02"]
[Round "9"]
[White "HAMBERGER, Hermann"]
[Black "ZSINKA, Laszlo"]
[Result "0-1"]
[WhiteElo "2170"]
[BlackElo "2340"]
[PlyCount "54"]
[EventDate "1998.07.25"]

1. e4 e5 2. Nf3 Nc6 3. Bc4 Nf6 4. d3 Be7 5. Nc3 d6 6. h3 O-O 7. Be3 Na5 8. Qe2
a6 9. a3 Nxc4 10. dxc4 b5 11. Rd1 Qe8 12. Nd5 Nxd5 13. cxd5 13... f5 { } 14. c4
Qg6 15. Kf1 fxe4 16. Nd2 Bd7 17. Kg1 Rf7 18. Kh2 Raf8 19. Ba7 c5 20. dxc6 Bxc6
21. Be3 bxc4 22. Nxc4 d5 23. Nxe5 Bd6 24. Bd4 Qg5 25. f4 exf3 26. gxf3 26...
Rxf3 { } 27. Rd3 Qg3# 0-1

[Event "xxx"]
[Site ""]
[Date "1998.08.02"]
[Round "9"]
[White "THOMA, Robert"]
[Black "LASCHET, Ewald"]
[Result "1-0"]
[WhiteElo "2285"]
[BlackElo "2195"]
[PlyCount "41"]
[EventDate "1998.07.25"]

1. d4 d5 2. Nf3 Nf6 3. c4 e6 4. g3 Nbd7 5. Qc2 c6 6. Bg2 Be7 7. O-O O-O 8. Nbd2
b6 9. e4 dxe4 10. Nxe4 Bb7 11. Rd1 Qc8 12. Ne5 Nxe5 13. dxe5 Nxe4 14. Bxe4 h6
15. b3 c5 16. Bb2 Bxe4 17. Qxe4 Qc7 18. Qg4 Rfd8 19. Rd6 Rxd6 20. exd6 Qxd6 21.
Qxg7# { } 1-0

[Event "xxx"]
[Site ""]
[Date "1998.08.02"]
[Round "9"]
[White "WOHLFAHRT, Herbert jun."]
[Black "DEUTSCH, Ludwig"]
[Result "1/2-1/2"]
[WhiteElo "2265"]
[BlackElo "2180"]
[PlyCount "32"]
[EventDate "1998.07.25"]

1. d4 Nf6 2. Nf3 d6 3. Nc3 g6 4. Bg5 Bg7 5. Qd2 h6 6. Bh4 g5 7. Bg3 Bf5 8.
O-O-O Nbd7 9. e3 Ne4 10. Nxe4 Bxe4 11. Bd3 Nf6 12. Bxe4 Nxe4 13. Qd3 Nxg3 14.
hxg3 c6 15. Kb1 Qd7 16. e4 16... O-O-O {.} 1/2-1/2

[Event "xxx"]
[Site ""]
[Date "1998.08.02"]
[Round "9"]
[White "WERNDL, Erich Mag."]
[Black "SZIEBERT, Adam"]
[Result "1/2-1/2"]
[WhiteElo "2105"]
[BlackElo "2330"]
[PlyCount "37"]
[EventDate "1998.07.25"]

1. e4 c5 2. Nf3 e6 3. d4 cxd4 4. Nxd4 a6 5. Be2 Nf6 6. Nc3 Qc7 7. O-O Bb4 8.
Qd3 Nc6 9. Kh1 b5 10. f4 Nxd4 11. Qxd4 Bc5 12. Qd3 h5 13. e5 Ng4 14. Ne4 Bb7
15. Bf3 Bxe4 16. Qxe4 Rc8 17. Qe2 Nh6 18. Be4 g6 19. Be3 {.} 1/2-1/2

[Event "xxx"]
[Site ""]
[Date "1998.08.02"]
[Round "9"]
[White "NIELSEN, Max"]
[Black "KAMARYT, Thomas"]
[Result "1/2-1/2"]
[WhiteElo "2275"]
[BlackElo "2135"]
[PlyCount "53"]
[EventDate "1998.07.25"]

1. e4 c6 2. d4 g6 3. Nc3 d5 4. e5 Bg7 5. f4 h5 6. Nf3 Nh6 7. Be3 Bg4 8. h3 Bf5
9. Bd3 Qd7 10. Ne2 Bxd3 11. Qxd3 Na6 12. O-O Nc7 13. b3 O-O 14. Nh4 e6 15. Bc1
Nf5 16. Nxf5 exf5 17. Ba3 Rfd8 18. Kh1 h4 19. Bb4 Bf8 20. Bxf8 Kxf8 21. Rad1
Kg7 22. Qd2 a5 23. a4 Rdb8 24. Ng1 b6 25. Nf3 Rh8 26. Rc1 Ne6 27. Rfd1 {.}
1/2-1/2

[Event "xxx"]
[Site ""]
[Date "1998.08.02"]
[Round "9"]
[White "SULYOK, Michael"]
[Black "TSCHOHL, Christof"]
[Result "1-0"]
[WhiteElo "2270"]
[BlackElo "2130"]
[PlyCount "103"]
[EventDate "1998.07.25"]

1. c4 Nf6 2. Nc3 e6 3. e4 Bb4 4. e5 Ng8 5. Qg4 g6 6. d4 f5 7. Qg3 d5 8. Bg5 Be7
9. Bxe7 Nxe7 10. O-O-O c6 11. Nh3 Na6 12. Qh4 Ng8 13. Qxd8+ Kxd8 14. cxd5 cxd5
15. Bxa6 bxa6 16. Na4 h6 17. Nf4 g5 18. Nh5 Rh7 19. Nc5 Rc7 20. Kd2 a5 21. h4
g4 22. f3 Ne7 23. Ng7 Rc6 24. fxg4 fxg4 25. Rhf1 Nf5 26. Ngxe6+ Bxe6 27. Nxe6+
Rxe6 28. Rxf5 Rb8 29. Rf8+ Re8 30. Rxe8+ Kxe8 31. b3 a4 32. Kc3 a5 33. Rf1 Rc8+
34. Kd2 Rb8 35. Rf6 axb3 36. axb3 Rxb3 37. Rxh6 g3 38. Rg6 a4 39. h5 Rb2+ 40.
Ke3 Rxg2 41. Kf3 { } 41... Rh2 42. Kxg3 Rxh5 43. Ra6 Rh7 44. Rxa4 Rd7 45. Kf4
Ke7 46. Kf5 Rb7 47. Ra5 Rd7 48. e6 Rd8 49. Ke5 Rb8 50. Rxd5 Rb1 51. Rd7+ Ke8
52. Ra7 1-0

[Event "xxx"]
[Site ""]
[Date "1998.08.02"]
[Round "9"]
[White "SEIFERT, Milan Ing."]
[Black "HUBER, Wolfgang Dr."]
[Result "1-0"]
[WhiteElo "2240"]
[BlackElo "2100"]
[PlyCount "57"]
[EventDate "1998.07.25"]

1. e4 c6 2. d3 d5 3. Nd2 g6 4. Ngf3 Bg7 5. g3 Nf6 6. Bg2 O-O 7. O-O dxe4 8.
dxe4 Bg4 9. h3 Bxf3 10. Qxf3 Nfd7 11. Qe2 e5 12. Nc4 Nb6 13. Rd1 Qc7 14. b3
Nxc4 15. Qxc4 Na6 16. Bg5 h6 17. Be3 Rfd8 18. Bf1 { } 18... Rac8 19. Qa4 c5 20.
Bxa6 bxa6 21. Qxa6 Kh7 22. Rd5 Rxd5 23. exd5 Qd7 24. Kh2 f5 25. Rd1 g5 26. Qe6
Qxe6 27. dxe6 f4 28. Bxc5 fxg3+ 29. fxg3 {Klappe} 1-0